OPERATION RESEARCH AN INTRODUCTION (Record no. 14267)
[ view plain ]
| 000 -LEADER | |
|---|---|
| fixed length control field | 00301nam a22001457a 4500 |
| 003 - CONTROL NUMBER IDENTIFIER | |
| control field | SGT |
| 020 ## - INTERNATIONAL STANDARD BOOK NUMBER | |
| International Standard Book Number | 001.424 |
| 082 ## - DEWEY DECIMAL CLASSIFICATION NUMBER | |
| Classification number | TEH |
| 100 ## - MAIN ENTRY--PERSONAL NAME | |
| Personal name | TEHA, HANDY A. |
| 245 ## - TITLE STATEMENT | |
| Title | OPERATION RESEARCH AN INTRODUCTION |
| 250 ## - EDITION STATEMENT | |
| Edition statement | 9TH |
| 260 ## - PUBLICATION, DISTRIBUTION, ETC. (IMPRINT) | |
| Place of publication, distribution, etc | PEARSON INDIA |
| Year of Publication | 2018 |
| 300 ## - PAGE DESCRIPTION | |
| No. of Pages | 816 |
| 942 ## - ADDED ENTRY ELEMENTS (KOHA) | |
| Source of classification or shelving scheme | Dewey Decimal Classification |
| Koha item type | Books |
| 942 ## - ADDED ENTRY ELEMENTS (KOHA) | |
| -- | 10 |
| Withdrawn status | Lost status | Source of classification or shelving scheme | Damaged status | Not for loan | Collection code | Home library | Current library | Shelving location | Date acquired | Vendor Name | Cost, normal purchase price | SGTU | Bill Number | Total Checkouts | Full call number | Accession No. (Barcode) | Date last seen | Date last borrowed | Bill Date | Koha item type |
|---|---|---|---|---|---|---|---|---|---|---|---|---|---|---|---|---|---|---|---|---|
| Dewey Decimal Classification | COMMERCE MANAGEMENT | SGT Science & Social Sciences Library | SGT Science & Social Sciences Library | Text Book | 27/12/2017 | AHUJA BOOKS | 829.00 | SGTU | 9088 | 7 | TEH | CM3941 | 14/06/2024 | 27/05/2024 | Books | |||||
| Dewey Decimal Classification | COMMERCE MANAGEMENT | SGT Science & Social Sciences Library | SGT Science & Social Sciences Library | Text Book | 27/12/2017 | AHUJA BOOKS | 829.00 | SGTU | 9088 | 9 | TEH | CM3942 | 03/06/2024 | 08/05/2024 | Books | |||||
| Dewey Decimal Classification | COMMERCE MANAGEMENT | SGT Science & Social Sciences Library | SGT Science & Social Sciences Library | Text Book | 27/12/2017 | AHUJA BOOKS | 829.00 | SGTU | 9088 | 7 | TEH | CM3943 | 30/01/2023 | 24/01/2023 | Books | |||||
| Dewey Decimal Classification | COMMERCE MANAGEMENT | SGT Science & Social Sciences Library | SGT Science & Social Sciences Library | Text Book | 27/12/2017 | AHUJA BOOKS | 829.00 | SGTU | 9088 | 5 | TEH | CM3944 | 22/08/2019 | 23/07/2019 | Books | |||||
| Dewey Decimal Classification | COMMERCE MANAGEMENT | SGT Science & Social Sciences Library | SGT Science & Social Sciences Library | Text Book | 27/12/2017 | AHUJA BOOKS | 829.00 | SGTU | 9088 | 8 | TEH | CM3945 | 03/04/2026 | 03/04/2026 | Books |